| 000 | 00698nam a2200229Ii 4500 | ||
|---|---|---|---|
| 003 | JO-AjNU | ||
| 008 | 230605s9999||||xx |||||||||||||| ||und|| | ||
| 017 | _a2010/9989 | ||
| 020 | _a978-977-327-777-5 | ||
| 040 |
_aJO-AjNU _bara _erda _cJO-AjNU |
||
| 041 | _aara | ||
| 050 | 1 | 4 | _ak2400.y878.2011 |
| 100 | 3 |
_a يوسف، يوسف حسن , _eauthor _944185 |
|
| 245 | 0 | 0 | _aالتحكيم الدولى |
| 250 | _aط1 | ||
| 264 | 3 | 1 | _aالاسكندرية : مكتبة الوفاء القانونية ، 2011 |
| 300 | _a399ص | ||
| 336 |
_atext _btxt _2rdacontent |
||
| 337 |
_aunmediated _bn _2rdamedia |
||
| 338 |
_avolume _bnc _2rdacarrier |
||
| 650 | 4 |
_aالتحكيم الدولى _944186 |
|
| 999 |
_aA19057 _c22625 _d22625 |
||